London Building (Constructional) Amending Bye-laws (No.1) 1964 : statutory memorandum (Record no. 85807)

MARC details
000 -LEADER
fixed length control field 00684cam a2200217 4500
001 - CONTROL NUMBER
control field D6751
008 - FIXED-LENGTH DATA ELEMENTS--GENERAL INFORMATION
fixed length control field 090401t1965 xxu||||| |||| 00| 0 eng d
035 ## - SYSTEM CONTROL NUMBER
System control number (Sirsi) u2774
041 ## - LANGUAGE CODE
Language code of text/sound track or separate title eng
050 ## - LIBRARY OF CONGRESS CALL NUMBER
Classification number 692.209421
110 ## - MAIN ENTRY--CORPORATE NAME
Corporate name or jurisdiction name as entry element London County Council
9 (RLIN) 1711
245 ## - TITLE STATEMENT
Title London Building (Constructional) Amending Bye-laws (No.1) 1964 : statutory memorandum
260 ## - PUBLICATION, DISTRIBUTION, ETC.
Place of publication, distribution, etc. London
Name of publisher, distributor, etc. London County Council
Date of publication, distribution, etc. 1965
300 ## - PHYSICAL DESCRIPTION
Extent 11p.
Dimensions 30cm
650 ## - SUBJECT ADDED ENTRY--TOPICAL TERM
Topical term or geographic name entry element BUILDING REGULATIONS
9 (RLIN) 6224
650 ## - SUBJECT ADDED ENTRY--TOPICAL TERM
Topical term or geographic name entry element LONDON BUILDING ACTS
650 ## - SUBJECT ADDED ENTRY--TOPICAL TERM
Topical term or geographic name entry element LONDON BUILDING (CONSTRUCTIONAL) AMENDING BY-LAWS (NO.1) 1964
690 ## - LOCAL SUBJECT ADDED ENTRY--TOPICAL TERM (OCLC, RLIN)
Topical term or geographic name as entry element BUILT ENVIRONMENT-BUILDING STANDARDS
942 ## - ADDED ENTRY ELEMENTS (KOHA)
Suppress in OPAC 0
948 ## - LOCAL PROCESSING INFORMATION (OCLC); SERIES PART DESIGNATOR (RLIN)
c (OCLC) 04/03/1997
Holdings
Withdrawn status Lost status Source of classification or shelving scheme Damaged status Not for loan Home library Current library Shelving location Date acquired Total Checkouts Full call number Barcode Date last seen Date last checked out Copy number Price effective from Koha item type
    Dewey Decimal Classification     London London Basement 22/02/2002 1 SHELF 326 30010103 06/08/2019 22/02/2002 2 06/08/2019 Reference material